| 000 | 00433nam a2200145Ia 4500 | ||
|---|---|---|---|
| 003 | GCL | ||
| 008 | 140319s9999 xx 000 0 ara d | ||
| 040 |
_aGCL / _cGCL |
||
| 082 | 0 | 4 |
_a657.48 _bم م |
| 100 | 1 | _aمحمد شوقى بشارى | |
| 245 | 1 | 0 |
_aالمحاسبة المالية / _cمحمد شوقى بشارى |
| 700 | 1 | _aمحمد صبرى | |
| 300 | _a479 ص | ||
| 490 |
_aالهيئة العامة للاستعلامات _v0 |
||
| 999 |
_c48249 _d48249 |
||